Liverpool FC Squad 2025-2026 - Statistics

General Stats
  • This quiz has been taken 1,578 times
    319 since last reset
  • The average score is 22 of 29
Answer Stats
# Position Nation Player % Correct
1 GK Brazil Alisson
98%
11 FW Egypt Mohamed Salah
98%
4 DF Netherlands Virgil van Dijk
97%
9 FW Sweden Alexander Isak
96%
10 MF Argentina Alexis Mac Allister
96%
5 DF France Ibrahima Konaté
95%
8 MF Hungary Dominik Szoboszlai
94%
7 MF Germany Florian Wirtz
94%
18 FW Netherlands Cody Gakpo
93%
26 DF Scotland Andrew Robertson
91%
14 FW Italy Federico Chiesa
91%
22 FW France Hugo Ekitiké
91%
6 DF Hungary Milos Kerkez
90%
3 MF Japan Wataru Endō
90%
2 DF England Joe Gomez
85%
- Coach Netherlands Arne Slot
82%
38 MF Netherlands Ryan Gravenberch
82%
17 MF England Curtis Jones
79%
25 GK Georgia Giorgi Mamardashvili
78%
12 DF Northern Ireland Conor Bradley
77%
30 DF Netherlands Jeremie Frimpong
72%
15 DF Italy Giovanni Leoni
60%
28 GK England Freddie Woodman
48%
43 MF Spain Stefan Bajčetić
40%
42 MF England Trey Nyoni
39%
41 GK Hungary Ármin Pécsi
36%
47 DF Scotland Calvin Ramsay
28%
46 DF England Rhys Williams
20%
95 GK England Harvey Davies
14%
No matching quizzes found
Score Distribution
Percent of People with Each Score
Percentile by Number Answered
Your Score History
You have not taken this quiz since the last reset